Zeolites and Catalysis Synthesis, Reaction and Applications Volume 2
Salvato in:
| Altri autori: | , , |
|---|---|
| Natura: | Libro |
| Lingua: | inglese |
| Pubblicazione: |
Weinheim
Wiley-VCH
2010
|
| Soggetti: | |
| Accesso online: | Visualizza in OPAC |
| Tags: |
Nessun Tag, puoi essere il primo ad aggiungerne!!
|
MARC
| LEADER | 00000nam a2200000 a 4500 | ||
|---|---|---|---|
| 005 | 20260127134354.0 | ||
| 008 | 101214 2010 gw 000 0 eng d | ||
| 020 | |a 9783527325146 | ||
| 035 | |a vtls010197583 | ||
| 039 | 9 | |a 201802121308 |b csnkv15 |c 201012140900 |d mschk03 |y 201012140858 |z mschk03 | |
| 040 | |a STUSCHK1 |b slo |c STUSCHK1 |e AACR2 | ||
| 080 | |a 549 | ||
| 080 | |a 549.67 | ||
| 080 | |a 544.47 | ||
| 080 | |a 001.891 | ||
| 245 | 1 | |a Zeolites and Catalysis |b Synthesis, Reaction and Applications |n Volume 2 |c edited by Jiří Čejka, Avelino Corma, and Stacey Zones | |
| 260 | |a Weinheim |b Wiley-VCH |c 2010 | ||
| 300 | |a xix, 389-881 s. |b il. |c 24,5 | ||
| 650 | 0 | |a zeolity | |
| 650 | 0 | |a vedecký výzkum | |
| 700 | 1 | |a Čejka, Jiří, |d 1929- |4 edt |9 41 | |
| 700 | 1 | |a Corma, Avelino |4 edt | |
| 700 | 1 | |a Zones, Stacey |4 edt | |
| 910 | |a SCHK95 | ||
| 919 | |a 978-3-527-32514-6 | ||
| 999 | |c 11110 |d 11110 | ||